000 00273nam a22001217a 4500
008 170529b xxu||||| |||| 00| 0 eng d
041 _ager
080 _a621
100 _a27
101 _aIM
245 _aOTTO FOLLINGER REGELUNGSTECHNIK
_cDORRSCHEIDT,F
942 _2udc
_cBK
999 _c14716
_d14716